[Event "GER HS-154 email"]
[Site "GER email"]
[Date "2013.10.27"]
[Round "?"]
[White "Tassone, Raffaele"]
[Black "Clauss, Andreas"]
[Result "1/2-1/2"]
[WhiteElo "2002"]
[BlackElo "1884"]
[PlyCount "66"]
[EventDate "2013.11.04"]
[EventType "tourn (corr)"]
[EventRounds "6"]
[EventCountry "GER"]
[SourceTitle "Corr 2015"]
[Source "ChessBase"]
[SourceDate "2015.07.17"]
[SourceVersion "1"]
[SourceVersionDate "2015.07.17"]
[SourceQuality "1"]

1. d4 Nf6 2. c4 e6 3. g3 d5 4. Bg2 Bb4+ 5. Nc3 0-0 6. cxd5 exd5 7. Nf3 c6 8. 0-0 Re8 9. a3 Bd6 10. Qc2 Nbd7 11. Re1 a5 12. Bd2 h6 13. Nh4 Nb6 14. e4 dxe4 15. Nxe4 Be7 16. Nxf6+ Bxf6 17. Nf3 Be6 18. Bc3 Nd5 19. Ne5 a4 20. Nd3 Nxc3 21. bxc3 Bb3 22. Qb2 Be7 23. Ne5 Bd6 24. Nf3 Qd7 25. Nd2 Rxe1+ 26. Rxe1 Be6 27. Ne4 Bf8 28. h4 Bd5 29. Nc5 Bxc5 30. dxc5 Bb3 31. Qe2 Kf8 32. Qe3 Re8 33. Qxe8+ Qxe8 1/2-1/2

[Event "GER HS-144 email"]
[Site "GER email"]
[Date "2013.03.12"]
[Round "?"]
[White "Clauss, Andreas"]
[Black "Nowak, Mathias"]
[Result "1/2-1/2"]
[WhiteElo "1894"]
[BlackElo "1745"]
[PlyCount "120"]
[EventDate "2013.03.18"]
[EventType "tourn (corr)"]
[EventRounds "6"]
[EventCountry "GER"]
[SourceTitle "Corr 2015"]
[Source "ChessBase"]
[SourceDate "2015.07.17"]
[SourceVersion "1"]
[SourceVersionDate "2015.07.17"]
[SourceQuality "1"]

1. e4 e5 2. Bc4 Nf6 3. d3 Nc6 4. Nf3 Bc5 5. c3 a6 6. 0-0 d6 7. Bb3 0-0 8. Nbd2 b5 9. h3 Rb8 10. Re1 a5 11. Nf1 a4 12. Bc2 Re8 13. Ng3 Bb6 14. d4 h6 15. d5 Ne7 16. Nh4 Nh7 17. Qh5 Rf8 18. Ngf5 Nxf5 19. Nxf5 g6 20. Qxh6 gxf5 21. exf5 Qf6 22. Qh5 Bd7 23. Bh6 Rfe8 24. Be4 Kh8 25. Re2 Rg8 26. Kh1 Rg5 27. Bxg5 Qxg5 28. Qxg5 Nxg5 29. Bc2 Nh7 30. Rd1 Kg7 31. Kh2 b4 32. c4 Rh8 33. b3 axb3 34. axb3 Nf6 35. f3 Nh5 36. g3 Ra8 37. Be4 Kf6 38. Rc2 Ra5 39. g4 Nf4 40. h4 Kg7 41. g5 f6 42. Kg3 Ra8 43. Rh1 Be8 44. Rch2 Bh5 45. g6 Ra3 46. Rb1 Bc5 47. Rc2 Be3 48. Rcb2 Bd4 49. Rc2 Bc5 50. Rcb2 Bd4 51. Rc2 Bb6 52. Rcb2 Be3 53. Rc2 Ra8 54. Rcb2 Bd4 55. Rc2 Ra3 56. Rh2 Be3 57. Rhb2 Ra8 58. Rc2 Bb6 59. Rh2 Ra3 60. Rhb2 Be3 1/2-1/2

[Event "GER K-Kmiecik-GT2 email"]
[Site "GER email"]
[Date "2013.02.25"]
[Round "?"]
[White "Betker, Joerg"]
[Black "Clauss, Andreas"]
[Result "1-0"]
[WhiteElo "2219"]
[BlackElo "1889"]
[PlyCount "97"]
[EventDate "2013.03.01"]
[EventType "tourn (corr)"]
[EventRounds "4"]
[EventCountry "GER"]
[SourceTitle "Corr 2015"]
[Source "ChessBase"]
[SourceDate "2015.07.17"]
[SourceVersion "1"]
[SourceVersionDate "2015.07.17"]
[SourceQuality "1"]

1. e4 c5 2. Nf3 e6 3. Nc3 Nc6 4. Bb5 Nge7 5. d4 cxd4 6. Nxd4 a6 7. Be2 Nxd4 8. Qxd4 Nc6 9. Qd3 Qc7 10. 0-0 Be7 11. Qh3 0-0 12. Be3 b5 13. Rad1 Bb7 14. f4 Na5 15. Bd3 Nc4 16. Bxc4 bxc4 17. f5 Bf6 18. Bf4 Qb6+ 19. Kh1 Bxc3 20. Qxc3 Bxe4 21. f6 g6 22. Rd4 Qc6 23. Rxc4 Qb7 24. Rb4 Bxg2+ 25. Kg1 Qc6 26. Rc4 Qb7 27. Rf2 Bd5 28. Rb4 Rfc8 29. Rxb7 Rxc3 30. Rxd7 Rc5 31. b3 Be4 32. c4 g5 33. Be3 Re5 34. Bd2 Rc5 35. h4 h6 36. Rd4 Bc6 37. hxg5 hxg5 38. Rh2 Bf3 39. Be1 Rf5 40. Bg3 e5 41. Rdd2 Bg4 42. Rh6 Rf3 43. Bxe5 Re8 44. Rdh2 Bh3 45. R6xh3 Rxh3 46. Rxh3 Rxe5 47. b4 Re1+ 48. Kf2 Rc1 49. c5 1-0